| Tag |
First Indicator |
Second Indicator |
Subfields |
| LEADER |
00000cam a2200000 4500 |
| 001 |
in00000226721 |
| 005 |
20151009075044.0 |
| 008 |
711103s1956 mau 00000 eng d |
| 010 |
|
|
|a 56004515
|
| 035 |
|
|
|a (OCoLC)00168499
|
| 035 |
|
|
|9 AAZ3274AM
|
| 040 |
|
|
|c WSU
|d TXA
|d UtOrBLW
|
| 049 |
|
|
|a TXAM
|c 1 [903662]
|c 2 [424112]
|c 3 [276657]
|
| 050 |
|
0 |
|a HB501
|b .G3 1956
|
| 082 |
0 |
|
|a 330.15
|
| 100 |
1 |
|
|a Galbraith, John Kenneth,
|d 1908-2006.
|
| 245 |
1 |
0 |
|a American capitalism; the concept of countervailing power.
|
| 250 |
|
|
|a Rev. ed.
|
| 264 |
|
1 |
|a Boston :
|b Houghton Mifflin,
|c 1956.
|
| 300 |
|
|
|a 208 pages
|
| 336 |
|
|
|a text
|b txt
|2 rdacontent
|
| 337 |
|
|
|a unmediated
|b n
|2 rdamedia
|
| 338 |
|
|
|a volume
|b nc
|2 rdacarrier
|
| 650 |
|
0 |
|a Capitalism.
|
| 651 |
|
0 |
|a United States
|x Economic conditions
|y 1918-1945.
|
| 999 |
|
|
|a MARS
|
| 999 |
f |
f |
|s 3c5fe7db-0ad8-3df1-bf25-0780da3fa457
|i bf908dbb-3c60-3851-856c-63ff32c7f935
|t 0
|
| 952 |
f |
f |
|p ric
|a Texas A&M University
|b Rellis Campus
|c Joint Library Facility
|d Remote Storage
|t 0
|e HB501 .G3 1956
|h Library of Congress classification
|i unmediated -- volume
|m A14802544837
|
| 998 |
f |
f |
|a HB501 .G3 1956
|t 0
|l Remote Storage
|